Las Sociedades financieras: el financiamiento a largo plazo y la promoción de nuevas empresas, el caso de Nicaragua /
Estudia el papel que juegan las sociedades financieras en cuanto al financiamiento de empresas, en Nicaragua. Descríbelas funciones que la ley le ha asignado a dichas sociedades y analiza lo positivo o no de esas funciones. Examina la evolución en la captación de sus recursos y determina los sectore...
Tallennettuna:
| Päätekijä: | |
|---|---|
| Aineistotyyppi: | Opinnäyte |
| Julkaistu: |
Managua:
Universidad Nacional Autónoma de Nicaragua
|
| Aiheet: | |
| Tagit: |
Lisää tagi
Ei tageja, Lisää ensimmäinen tagi!
|
MARC
| LEADER | 00000 a a2200000 04500 | ||
|---|---|---|---|
| 001 | 20272 | ||
| 003 | |||
| 040 | |||
| 090 | |a 08408.00 | ||
| 100 | |a Delgado Cáceres, Rodolfo | ||
| 245 | |a Las Sociedades financieras: |b el financiamiento a largo plazo y la promoción de nuevas empresas, el caso de Nicaragua / |c Rodolfo Delgado Cáceres | ||
| 260 | |a Managua: |b Universidad Nacional Autónoma de Nicaragua | ||
| 300 | |a 120 páginas | ||
| 502 | |a Tesis (Licenciado en Economía) -- Universidad Nacional Atónoma de Nicaragua. Facultad de Ciencias Económicas, 1976 | ||
| 520 | |a Estudia el papel que juegan las sociedades financieras en cuanto al financiamiento de empresas, en Nicaragua. Descríbelas funciones que la ley le ha asignado a dichas sociedades y analiza lo positivo o no de esas funciones. Examina la evolución en la captación de sus recursos y determina los sectores (agricultura, ganadería, industria y comercio) hacia los cuales se han orientado dichos recursos. Propone formulas para el mejor aprovechamiento de los recursos de las sociedades financieras./ACM | ||
| 650 | |a COSTA RICA | ||
| 650 | |a ADMINISTRACION PUBLICA | ||
| 650 | |a SISTEMAS DE PLANIFICACION | ||
| 650 | |a ASPECTOS ADMINISTRATIVOS | ||
| 999 | |c 18162 |d 18162 | ||
